| 000 | 01026nam a22003497a 4500 | ||
|---|---|---|---|
| 001 | 000040595 | ||
| 003 | CHAP | ||
| 005 | 20220329135626.0 | ||
| 008 | 971013s1964 r 00010 d | ||
| 010 | _a39537 | ||
| 011 | _a40509 | ||
| 035 | _a44635 | ||
| 040 | _cCHAP | ||
| 090 | _aFolleto 553 | ||
| 110 | 2 |
_aE.U.A. Atomic Energy Commission _934858 |
|
| 245 | 1 | 0 | _aAtomic power safety. |
| 260 |
_aOak Ridge : _bA.E.C., _c1964. |
||
| 300 |
_a38 p. : _b: ilus. |
||
| 490 | _aUnderstanding the atom | ||
| 590 |
_aBATCH-UPD _b10 _c20130110 _lUCH01 _h0212 |
||
| 590 |
_aBATCH-UPD _b10 _c20130110 _lUCH01 _h1942 |
||
| 590 |
_aBATCH-UPD _b10 _c20130410 _lUCH01 _h1304 |
||
| 590 |
_aBATCH-UPD _b10 _c20130914 _lUCH01 _h1306 |
||
| 590 |
_aCONVERSION _b10 _c20130109 _lUCH01 _h1322 |
||
| 590 |
_aE5995AHE _b05 _c20141112 _lUCH01 _h1235 |
||
| 650 | 1 | 4 |
_aEnergía atómica. _936891 |
| 830 | 0 |
_aUnderstanding the atom _9116137 |
|
| 901 | _aBK | ||
| 942 | _cFOLL | ||
| 942 | _n0 | ||
| 949 |
_aFolleto 553 _bBC _cFOLL _d-102290 _eTS1 _i44635 _si |
||
| 999 |
_c39537 _d39537 |
||